| 000 | 01682cam a2200385 a 4500 | ||
|---|---|---|---|
| 001 | 3058779 | ||
| 005 | 20170105102857.0 | ||
| 008 | 960118s1995 at a b 001 0 eng d | ||
| 010 | _a 96129067 | ||
| 020 | _a0195536843 (pbk.) | ||
| 035 | _a(OCoLC)34048608 | ||
| 040 |
_aMBE _cMBE _dCoU-M _dDLC |
||
| 042 | _alccopycat | ||
| 050 | 0 | 4 |
_aRJ506.H9 _bS45 1995 |
| 082 | 0 | 0 |
_a618.92/8589 _220 |
| 100 | 1 | _aSelikowitz, Mark. | |
| 245 | 1 | 0 |
_aAll about A.D.D. : _bunderstanding attention deficit disorder / _cMark Selikowitz. |
| 246 | 3 | _aAll about ADD | |
| 246 | 3 | _aAll about attention deficit disorder | |
| 260 |
_aMelbourne, Australia ; _aNew York : _bOxford University Press, _c1995. |
||
| 300 |
_avii, 199 p. : _bill. ; _c22 cm. |
||
| 504 | _aIncludes bibliographical references and index. | ||
| 650 | 0 |
_aAttention-deficit hyperactivity disorder _xPopular works. |
|
| 650 | 0 |
_aAttention-deficit-disordered children _xPopular works. |
|
| 650 | 1 | 2 |
_aAttention Deficit Disorder with Hyperactivity _xin infancy & childhood _xpopular works |
| 650 | 2 | 2 |
_aAttention _xin infancy & childhood _xpopular works |
| 650 | 2 | 2 |
_aChild Behavior Disorders _xpopular works |
| 650 | 2 | 2 |
_aLearning Disorders _xpopular works |
| 856 | 4 | 2 |
_3Publisher description _uhttp://www.loc.gov/catdir/enhancements/fy0605/96129067-d.html |
| 856 | 4 | 1 |
_3Table of contents only _uhttp://www.loc.gov/catdir/enhancements/fy0605/96129067-t.html |
| 856 | 4 | 2 |
_3Contributor biographical information _uhttp://www.loc.gov/catdir/enhancements/fy0724/96129067-b.html |
| 906 |
_a7 _bcbc _ccopycat _d2 _encip _f19 _gy-gencatlg |
||
| 942 |
_2ddc _cBK |
||
| 999 |
_c14549 _d14549 |
||